000 01072nam a22003257a 4500
001 BR9803361
003 BR-BrBNA
005 20230928100029.0
007 ta
008 230509b bl.||||| |||| 00| 0 por d
040 _aBR-BrBNA
_bpor
_cBiblioteca Nacional de Agricultura
041 _a(Por)
072 _aQ52; L02
_b8952
_b5212
090 _ 8952 BR9803361
100 1 _aCarmo, M.B. do
110 1 _aUniversidade Federal de Minas Gerais, Belo Horizonte (Brasil). Escola de Veterinaria
_0Tese (Doutor em Ciencia Animal)
245 1 _aAvaliacao das caracteristicas de silagens de dejetos prensados de suinos com aditivos e sua utilizacao no desempenho de novilhos confinados
260 3 _aBelo Horizonte, MG (Brasil):
_c1997.
300 _a105 p.
500 _aBibliography (108 ref.); Summaries (Eng, Por); 16 illus.; 20 tables
650 _aNovilho
650 _aRacao
650 _aResiduo Organico
650 _aDejeto
650 _aSilagem
650 _aConfinamento
650 _aAditivo
909 _a202309
_bLucia
_c55
_dLucia Elande
942 _cBK
999 _c59958
_d59958